The rock tombs of El Amarna
Αποθηκεύτηκε σε:
| Κύριος συγγραφέας: | |
|---|---|
| Μορφή: | Βιβλίο |
| Γλώσσα: | English |
| Δημοσίευση: |
London :
Egypt Exploration Society,
[2004]
|
| Σειρά: | Archaeological survey of Egypt ;
; 15 |
| Θέματα: | |
| Ετικέτες: |
Προσθήκη ετικέτας
Δεν υπάρχουν, Καταχωρήστε ετικέτα πρώτοι!
|
MARC
| LEADER | 00000nam a2200000 i 4500 | ||
|---|---|---|---|
| 001 | 1/76296 | ||
| 008 | 080228r20041905 eng d | ||
| 020 | |a 0-85698-160-5 (τ.3) | ||
| 035 | |l 10095144 | ||
| 040 | |a GR-MY-UA |b gre |e aacr | ||
| 041 | 0 | |a eng | |
| 082 | 0 | |a 932 |2 (22) | |
| 100 | 1 | |a Davies, Norman de Garis |d 1865-1941. | |
| 245 | 1 | 4 | |a The rock tombs of El Amarna / |c by N. de G. Davies |
| 260 | |a London : |b Egypt Exploration Society, |c [2004] | ||
| 300 | |a 6τ.; |b σχέδια, φωτ.; |c 31 εκ. | ||
| 490 | 1 | |a Archaeological survey of Egypt |v ; 15 | |
| 500 | |a "The rock tombs of El-Amarna, part III- The tombs of Huya and Ahmes first published in 1905. Part IV-The tombs of Penthu, Mahu, and others first published in 1906. Reprinted in one volume in 2004" | ||
| 504 | |a Περιλαμβάνει βιβλιογραφίες και ευρετήριο | ||
| 505 | 0 | |a Τ.1. The tomb of Meryra.τ.2. The tombs of Panehesy and Meryra.τ.3. The tombs of Huya and Ahmes / with an appendix of the Greek graffiti by Seymour de Ricci.τ.4. Tombs of Penthu, Mahu, and others.τ.5. Smaller tombs and boundary stelae.τ.6. Tombs of Parennefer, Tutu, and Ay | |
| 650 | 0 | 0 | |a Tombs |z Egypt. |
| 650 | 0 | 0 | |a Cults |z Egypt. |
| 650 | 0 | 0 | |a Inscriptions, Greek |z Egypt. |
| 651 | 0 | |a Tell el-Amarna (Egypt) | |
| 740 | 0 | 2 | |a The tombs of Huya and Ahmes |
| 830 | 0 | |a Archaeological survey of Egypt ; |v ; 15 | |
| 852 | |a INST |b RHODES |e 20080228 |h 932 DAV |p 005400029688 |q 005400029688 |t BK |y 0 | ||
| 901 | |a BIBL4-2008-1 | ||
| 909 | |a Ρ |b 145305 | ||
| 922 | |a 4ΕΛΗ |b 200801 |c ΕΠΕΑΕΚ2/ΤΜΣ |d ΠΑΠΑΣΩΤΗΡΙΟΥ | ||
| 970 | |a ΧΑΡΙΟΠΟΛΙΤΟΥ |b ΚΩΝΣΤΑΝΤΙΝΑ |z 2008/02/28 | ||